000 00402cam a22001337a 4500
008 180718b1973 xxu||||| |||| 00| 0 eng d
082 _aJ7 K141
100 _aKaplan, Marashall
245 _aUrban planning in the 1960s : a design for irrelevancy
_cby Marashall Kaplan
260 _aNew York
_bPraeger
_c1973
300 _axii, 130p
650 _aCity planning.
650 _aCity planning --United States
999 _c409476
_d409476